|
|
|
|
| LEADER |
00000nab a2200000 a 4500 |
| 001 |
vtls000169174 |
| 003 |
SK-MaSNL |
| 005 |
20260302203152.0 |
| 008 |
111104c1983 xo 0 slo |
| 015 |
|
|
|a SNBRB19rr/mm-uuuuu
|
| 035 |
|
|
|a CL0179285
|
| 040 |
|
|
|a SNKBUCL
|b slo
|c SNKBUCL
|e AACR2
|
| 041 |
0 |
|
|a slo
|
| 044 |
|
|
|a xo
|c SK
|
| 080 |
|
|
|a 329.15 (100-19)(469)
|2 1981
|
| 245 |
0 |
0 |
|a O minulosti i budúcnosti strany
|b Začal sa 10. zjazd portugalských komunistov ; B. Labutin
|
| 650 |
0 |
7 |
|a Portugalská komunistická strana
|2 snkbucl
|9 923641
|
| 655 |
|
7 |
|a články z novín a časopisov
|2 snkbucl
|9 267496
|
| 700 |
1 |
|
|a Labutin, B.
|4 aut
|9 925872
|
| 773 |
0 |
|
|t Pravda
|g Roč. 64, č. 297 (16. 12. 1983), s. 6
|
| 850 |
|
|
|a Slovenská národná knižnica v Martine
|a MTA001
|
| 852 |
|
|
|a SNK
|b KIS3GCP
|
| 958 |
|
|
|a RK
|
| 992 |
|
|
|a RBX
|
| 999 |
|
|
|c 1468113
|d 1470043
|